000 01366ny a22003373n 4500
005 20240305165321.0
008 060525s2001 sp s 001 0 spadc
017 _aD.L. M.52636-2001
020 _a8471114119
035 _a1723
040 _aUMA.DER
_dvLex
040 _aUMA.RE
_dvLex
080 _a347.415/416(460)
080 _a347.453.1(460)
090 _c791
_d791
100 1 _aDíaz Vales, Fernando
245 1 3 _aLa subrogación legal en la ley de arrendamientos urbanos
_h[Recurso electrónico]
_cFernando Díaz Vales ; prólogo por Juan Casarso Palau
256 _aServicio en línea
260 _aMadrid :
_bMontecorvo,
_c2001
300 _a341 p. ;
_c23 cm
506 1 _aContenido solo disponible en los productos indicados
_dvLex Global
_dvLex Global (Academic Edition, excluding Law Schools)
_dvLex Global (U.S. Academic Edition, Law Schools)
_dvLex Global (U.S. Academic Edition, excluding Law Schools)
_dvLex Global (Academic Edition, Law Schools)
650 0 7 _aCivil
_2Tesauro vLex
650 0 7 _aContrato de arrendamiento
_2Tesauro vLex
650 0 7 _aSubrogación legal
_2Tesauro vLex
650 0 7 _aArrendamientos urbanos
_2Tesauro vLex
650 0 7 _aArrendamientos
_2Tesauro vLex
700 1 _aCardaso Palau, Juan,
_epr
740 0 _avLex Libros (Servicios en línea)
856 4 0 _uhttps://app.vlex.com/#/sources/1723
942 _cRAA
999 _c159307
_d159307